<?xml version="1.0" encoding="UTF-8"?>
<record
    xmlns:xsi="http://www.w3.org/2001/XMLSchema-instance"
    xsi:schemaLocation="http://www.loc.gov/MARC21/slim http://www.loc.gov/standards/marcxml/schema/MARC21slim.xsd"
    xmlns="http://www.loc.gov/MARC21/slim">

  <leader>00980nam a2200157 a 4500</leader>
  <controlfield tag="001">000045266</controlfield>
  <controlfield tag="005">20201002050022.0</controlfield>
  <controlfield tag="008">150219s1982    dr a          000 j spa d</controlfield>
  <datafield tag="040" ind1=" " ind2=" ">
    <subfield code="a">DO-SdBNP</subfield>
    <subfield code="b">spa</subfield>
    <subfield code="c">BNPHU</subfield>
  </datafield>
  <datafield tag="082" ind1=" " ind2=" ">
    <subfield code="a">xxxx</subfield>
    <subfield code="b">xxxx</subfield>
  </datafield>
  <datafield tag="245" ind1="0" ind2="0">
    <subfield code="a">Concurso de cuentos de casa de teatro 1981.</subfield>
  </datafield>
  <datafield tag="260" ind1=" " ind2=" ">
    <subfield code="a">Santo Domingo :</subfield>
    <subfield code="b">Casa de Teatro,</subfield>
    <subfield code="c">1982.</subfield>
  </datafield>
  <datafield tag="300" ind1=" " ind2=" ">
    <subfield code="a">136 p. ;</subfield>
    <subfield code="c">21 cm.</subfield>
  </datafield>
  <datafield tag="500" ind1=" " ind2=" ">
    <subfield code="a">Perteneci&#xF3; a la biblioteca personal del Dr. Guaroa Ginebra H.</subfield>
  </datafield>
  <datafield tag="505" ind1="0" ind2=" ">
    <subfield code="g">Primer premio</subfield>
    <subfield code="t">Reflexiones /</subfield>
    <subfield code="r">William Dario Mej&#xED;a C. --</subfield>
    <subfield code="g">Segundo premio</subfield>
    <subfield code="t">Rel&#xE1;mpago entre las sombras /</subfield>
    <subfield code="r">Di&#xF3;genes Valdez --</subfield>
    <subfield code="g">Tercer premio</subfield>
    <subfield code="t">Un poco de pasado para vivir hoy /</subfield>
    <subfield code="r">Arturo Rodr&#xED;guez F. --</subfield>
    <subfield code="t">Menciones</subfield>
    <subfield code="t">Caf&#xE9; para si hubieran matado un &#xE1;ngel /</subfield>
    <subfield code="r">Manuel F. Garc&#xED;a como Ricardo Roja --</subfield>
    <subfield code="t">In Fraganti /</subfield>
    <subfield code="r">Juan Ml. Brida Busto --</subfield>
    <subfield code="t">Nuestra &#xFA;ltima lluvia juntos /</subfield>
    <subfield code="r">Valerio Holgu&#xED;n--</subfield>
    <subfield code="t">Laberinto de espejos /</subfield>
    <subfield code="r">Valerio Holgu&#xED;n--</subfield>
    <subfield code="t">Loriana /</subfield>
    <subfield code="r">&#xC1;ngela Hern&#xE1;ndez --</subfield>
    <subfield code="t">Taller y eje de carreta /</subfield>
    <subfield code="r">Olmedo T. Moreno.</subfield>
  </datafield>
  <datafield tag="952" ind1=" " ind2=" ">
    <subfield code="0">0</subfield>
    <subfield code="1">0</subfield>
    <subfield code="7">1</subfield>
    <subfield code="8">PD</subfield>
    <subfield code="a">PD</subfield>
    <subfield code="b">PD</subfield>
    <subfield code="c">HD</subfield>
    <subfield code="d">2015-02-19</subfield>
    <subfield code="i">LF1</subfield>
    <subfield code="l">0</subfield>
    <subfield code="o">xxxx xxxx</subfield>
    <subfield code="p">45266-10</subfield>
    <subfield code="r">2020-06-25</subfield>
    <subfield code="w">2020-06-25</subfield>
    <subfield code="y">LFPD</subfield>
    <subfield code="z">Perteneci&#xF3; a la biblioteca personal del Dr. Guaroa Ginebra H.</subfield>
    <subfield code="Z">No se presta</subfield>
  </datafield>
  <datafield tag="952" ind1=" " ind2=" ">
    <subfield code="0">0</subfield>
    <subfield code="1">0</subfield>
    <subfield code="7">1</subfield>
    <subfield code="8">PD</subfield>
    <subfield code="a">PD</subfield>
    <subfield code="b">PD</subfield>
    <subfield code="c">HD</subfield>
    <subfield code="d">2015-07-14</subfield>
    <subfield code="i">LF1</subfield>
    <subfield code="l">0</subfield>
    <subfield code="o">xxxx xxxx</subfield>
    <subfield code="p">45266-20</subfield>
    <subfield code="r">2020-06-25</subfield>
    <subfield code="t">e. 2</subfield>
    <subfield code="w">2020-06-25</subfield>
    <subfield code="y">LFPD</subfield>
    <subfield code="z">Perteneci&#xF3; a la biblioteca personal de Chiqui Vicioso / Fidelio Despradel.</subfield>
    <subfield code="Z">No se presta</subfield>
  </datafield>
  <datafield tag="999" ind1=" " ind2=" ">
    <subfield code="c">44755</subfield>
    <subfield code="d">44755</subfield>
  </datafield>
</record>
